000 00422pab a2200157 454500
008 180718b1998 xxu||||| |||| 00| 0 eng d
100 _aSingh, Swaran
245 _aNinth National People's Congress: a harbinger of China's future reforms
260 _c1998
300 _ap.19-21
362 _a28 Feb
650 _aIndia - Politics and government
650 _aEconomic reform
773 _aMainstream
909 _a36919
999 _c36919
_d36919